[Event "BL2-Ost 9798"]
[Site "Germany"]
[Date "1997.??.??"]
[Round "1.7"]
[White "Darnstaedt, Frank"]
[Black "Schaeffner, Claus"]
[Result "1/2-1/2"]
[WhiteElo "2280"]
[BlackElo "2200"]
[PlyCount "93"]
[EventDate "1997.10.??"]
[EventType "team-tourn"]
[EventRounds "9"]
[EventCountry "GER"]
[SourceTitle "EXT 1999"]
[Source "ChessBase"]
[SourceDate "1998.11.16"]
[SourceVersion "1"]
[SourceVersionDate "1998.11.16"]
[SourceQuality "1"]
[WhiteTeam "Magdeburg"]
[BlackTeam "Forchheim"]
[WhiteTeamCountry "GER"]
[BlackTeamCountry "GER"]

1. e4 c6 2. c4 d5 3. exd5 cxd5 4. d4 Nf6 5. Nc3 e6 6. Nf3 Bb4 7. cxd5 Nxd5 8. Bd2 Nc6 9. Be2 0-0 10. 0-0 Be7 11. Ne4 Nf6 12. Nxf6+ Bxf6 13. Bc3 Ne7 14. Ne5 Nd5 15. Rc1 b6 16. Bf3 Bb7 17. Bd2 Qd6 18. Qe2 Rac8 19. g3 Rfd8 20. Be4 g6 21. Bg2 Bg7 22. h4 Qe7 23. a3 Rxc1 24. Rxc1 Rc8 25. Rxc8+ Bxc8 26. Nc6 Qd7 27. Bxd5 exd5 28. Ne7+ Kh8 29. Nxc8 Qxc8 30. Qe7 Bxd4 31. Qxf7 Qf5 32. Qxf5 gxf5 33. Bc3 Bxc3 34. bxc3 Kg7 35. Kg2 Kf6 36. Kf3 Ke5 37. Ke3 h5 38. a4 a6 39. f3 b5 40. axb5 axb5 41. Kd3 Kd6 42. Kd4 Kc6 43. Ke3 Kc5 44. Kd3 Kd6 45. Kd4 Kc6 46. Ke3 Kc5 47. Kd3 1/2-1/2

[Event "Bundesliga 9697"]
[Site "Germany"]
[Date "1997.??.??"]
[Round "?.8"]
[White "Gisbrecht, Ewgeni"]
[Black "Darnstaedt, Frank"]
[Result "1-0"]
[WhiteElo "2405"]
[BlackElo "2295"]
[PlyCount "119"]
[EventDate "1996.10.12"]
[EventType "team-tourn"]
[EventRounds "15"]
[EventCountry "GER"]
[SourceTitle "GER-chT"]
[Source "ChessBase"]
[SourceDate "1999.07.01"]
[SourceVersion "1"]
[SourceVersionDate "1999.07.01"]
[SourceQuality "1"]
[WhiteTeam "Delmenhorst"]
[BlackTeam "Magdeburg"]
[WhiteTeamCountry "GER"]
[BlackTeamCountry "GER"]

1. Nf3 Nf6 2. c4 g6 3. g3 Bg7 4. Bg2 0-0 5. 0-0 d5 6. cxd5 Nxd5 7. Nc3 Nb6 8. d3 Nc6 9. Bd2 h6 10. Rb1 e5 11. b4 Be6 12. a4 Nd4 13. a5 Nd7 14. Na4 Nb5 15. Qc1 Kh7 16. Nc5 Rb8 17. Nxe6 fxe6 18. Qd1 a6 19. Rc1 Qe7 20. Qb3 Qd6 21. Qc4 c6 22. Be3 Nd4 23. Rfe1 Rf7 24. Nd2 Nf6 25. Ne4 Qe7 26. Bxd4 exd4 27. Qxd4 Nd5 28. Qc4 Nxb4 29. Rb1 Nd5 30. Bh3 Be5 31. Rf1 Bd6 32. Rb3 Bc7 33. Nc5 Rf6 34. Rxb7 Rxb7 35. Nxb7 Bxg3 36. hxg3 Qxb7 37. Qc5 Qb5 38. Rc1 e5 39. Bg2 Qb7 40. e4 Ne7 41. Qxe5 Rf7 42. Qc5 Qb2 43. Rf1 h5 44. Qc4 Kg7 45. Qxa6 h4 46. Qb6 Qa2 47. Qd4+ Kg8 48. Ra1 Qc2 49. gxh4 c5 50. Qe3 Nc6 51. Rc1 Qb2 52. Rxc5 Ne5 53. Qg3 Ng4 54. Rc8+ Kg7 55. Qxg4 Qxf2+ 56. Kh2 Rf4 57. Rc7+ Kh8 58. Rc2 Qe3 59. Qg3 g5 60. Qxe3 1-0

[Event "Spree op"]
[Site "Berlin"]
[Date "1997.??.??"]
[Round "4"]
[White "Kiesekamp, Marcos"]
[Black "Darnstaedt, Frank"]
[Result "0-1"]
[WhiteElo "2170"]
[BlackElo "2295"]
[PlyCount "38"]
[EventDate "1997.??.??"]
[EventType "swiss"]
[EventRounds "9"]
[EventCountry "GER"]
[SourceTitle "EXT 2001"]
[Source "ChessBase"]
[SourceDate "2000.11.22"]
[SourceVersion "1"]
[SourceVersionDate "2000.11.22"]
[SourceQuality "1"]

1. d4 Nf6 2. c4 g6 3. Nc3 d5 4. cxd5 Nxd5 5. e4 Nxc3 6. bxc3 Bg7 7. Bb5+ c6 8. Ba4 b5 9. Bb3 b4 10. Qf3 0-0 11. Ne2 bxc3 12. h4 h5 13. Qg3 Kh7 14. Bf4 Ba6 15. Bc7 Qd7 16. d5 cxd5 17. exd5 Nc6 18. 0-0 Bxe2 19. Rfe1 Nd4 0-1

[Event "Bundesliga 9697"]
[Site "Germany"]
[Date "1996.??.??"]
[Round "?.7"]
[White "Brendel, Oliver"]
[Black "Darnstaedt, Frank"]
[Result "1-0"]
[WhiteElo "2420"]
[BlackElo "2295"]
[PlyCount "111"]
[EventDate "1996.10.12"]
[EventType "team-tourn"]
[EventRounds "15"]
[EventCountry "GER"]
[SourceTitle "GER-chT"]
[Source "ChessBase"]
[SourceDate "1999.07.01"]
[SourceVersion "1"]
[SourceVersionDate "1999.07.01"]
[SourceQuality "1"]
[WhiteTeam "Castrop Rauxel"]
[BlackTeam "Magdeburg"]
[WhiteTeamCountry "GER"]
[BlackTeamCountry "GER"]

1. e4 c5 2. Nc3 Nc6 3. Nf3 Nf6 4. Bb5 a6 5. Bxc6 dxc6 6. h3 g6 7. d3 Bg7 8. Be3 Nd7 9. Qd2 0-0 10. Bh6 e5 11. 0-0-0 f6 12. Bxg7 Kxg7 13. Nh2 Rf7 14. Ng4 Nf8 15. Nh6 Re7 16. h4 Be6 17. h5 g5 18. Nf5+ Bxf5 19. exf5 Qc8 20. g4 h6 21. Ne4 Nd7 22. Qc3 b6 23. Kd2 Qg8 24. b4 cxb4 25. Qxb4 c5 26. Qc4 Qd8 27. Qd5 Rb8 28. Rb1 Qc7 29. a4 Rc8 30. Rb3 Rd8 31. Qd6 Qxd6 32. Nxd6 Rb8 33. Rhb1 Kf8 34. Ke3 e4 35. Nxe4 c4 36. Rb4 cxd3 37. cxd3 Nc5 38. Rxb6 Rd8 39. Rb8 Rxb8 40. Rxb8+ Kg7 41. a5 Re5 42. Rb4 Kf7 43. f3 Nxe4 44. fxe4 Rxa5 45. Rb7+ Kg8 46. Rb6 Kf7 47. Kd4 Ra3 48. Rb7+ Kg8 49. Kc4 a5 50. d4 Rg3 51. d5 Rxg4 52. d6 Rxe4+ 53. Kd5 Re8 54. d7 Rd8 55. Ke6 Kf8 56. Rc7 1-0